000 00423nam a2200157Ia 4500
008 240729s9999 xx 000 0 und d
022 _a2326-4594
245 0 _aJournal of Inborn Errors of Metabolism and Screening
260 _aBrazil
260 _bSciELO
650 _a Medicine (General)
650 _aMedicine
856 _uhttps://doaj.org/toc/68887582c21443bd80bd8c8437cd2ee2
942 _2ddc
942 _cDOAJEJ
999 _c70159
_d70159
945 _a1
_bMadushi Gamage
_c1
_dMadushi Gamage